Вездесущее железо

Detalles Bibliográficos
Autor Principal: Марков Г. П. Геннадий Петрович
Autor Corporativo: Российская академия наук Институт физики Земли им. О. Ю. Шмидта
Outros autores: Печерский Д. М. Диамар Михайлович
Summary:В работе кратко рассмотрены основные, широко известные свойства железа и представлены результаты авторов, начатых в начале этого века исследований распространения, состава и других особенностей частиц металлического железа в горных породах разного возраста, различных регионов мира и разного происхождения. Показано, что железо во всех исследуемых осадках на Земле имеет, как правило, внеземное происхождение, основные источники которого - космическая пыль и метеориты. Недавно было найдено первое, но, возможно, не последнее исключение из этого правила: в осадках трех озер Восточного Саяна обнаружено железо преимущественно земного происхождения, возникшее, вероятно, в результате вулканической деятельности на Земле или падения метеоритов. По составу, форме и размерам частицы железа земного и внеземного происхождения практически идентичны. О внеземном происхождении частиц железа в осадках свидетельствует ряд статистических признаков, установленных в результате многочисленных исследований железа и других магнитных минералов земного происхождения в горных породах. Отмечено постоянство среднего размера частиц самородного железа в различных горных породах в разных регионах Земли, по крайней мере, за последние 250 млн. лет, которое может быть обусловлено постоянством действия глобальной причины - гравитации, т.е. постоянным ускорением свободного падения на Земле. Для лунных же базальтов была обнаружена весьма интересная зависимость среднего размера частиц от возраста базальтов, которая, возможно, связана с изменением ускорения свободного падения на Луне. Сходство составов, форм и размеров частиц самородного железа земного и внеземного происхождения говорит об единстве условий образования частиц железа в процессе формирования звездно-планетных систем, что позволило построить общую петромагнитную схему строения планет Солнечной системы по распределению в них металлического железа и других магнитных минералов.
Idioma:ruso
Publicado: Москва, ГЕОС, 2019
Series:Научно-популярная серия РФФИ
Subjects:
Formato: Libro
KOHA link:https://koha.lib.tpu.ru/cgi-bin/koha/opac-detail.pl?biblionumber=345969

MARC

LEADER 00000nam0a2200000 4500
001 345969
005 20231102005832.0
010 |a 9785891187962 
035 |a (RuTPU)RU\TPU\book\377825 
090 |a 345969 
100 |a 20210422d2019 km y0rusy50 ca 
101 0 |a rus 
102 |a RU 
105 |a a z 001zy 
200 1 |a Вездесущее железо  |f Г. П. Марков, Д. М. Печерский  |g Российская академия наук, Институт физики Земли им. О. Ю. Шмидта 
210 |a Москва  |c ГЕОС  |d 2019 
215 |a 128 с.  |c ил. 
225 1 |a Научно-популярная серия РФФИ 
320 |a Библиогр.: с. 126-127 
330 |a В работе кратко рассмотрены основные, широко известные свойства железа и представлены результаты авторов, начатых в начале этого века исследований распространения, состава и других особенностей частиц металлического железа в горных породах разного возраста, различных регионов мира и разного происхождения. Показано, что железо во всех исследуемых осадках на Земле имеет, как правило, внеземное происхождение, основные источники которого - космическая пыль и метеориты. Недавно было найдено первое, но, возможно, не последнее исключение из этого правила: в осадках трех озер Восточного Саяна обнаружено железо преимущественно земного происхождения, возникшее, вероятно, в результате вулканической деятельности на Земле или падения метеоритов. По составу, форме и размерам частицы железа земного и внеземного происхождения практически идентичны. О внеземном происхождении частиц железа в осадках свидетельствует ряд статистических признаков, установленных в результате многочисленных исследований железа и других магнитных минералов земного происхождения в горных породах. Отмечено постоянство среднего размера частиц самородного железа в различных горных породах в разных регионах Земли, по крайней мере, за последние 250 млн. лет, которое может быть обусловлено постоянством действия глобальной причины - гравитации, т.е. постоянным ускорением свободного падения на Земле. Для лунных же базальтов была обнаружена весьма интересная зависимость среднего размера частиц от возраста базальтов, которая, возможно, связана с изменением ускорения свободного падения на Луне. Сходство составов, форм и размеров частиц самородного железа земного и внеземного происхождения говорит об единстве условий образования частиц железа в процессе формирования звездно-планетных систем, что позволило построить общую петромагнитную схему строения планет Солнечной системы по распределению в них металлического железа и других магнитных минералов. 
606 1 |a Железо  |x Геохимия  |2 stltpush  |3 (RuTPU)RU\TPU\subj\80497  |9 88158 
610 1 |a геохимия 
610 1 |a самородное железо 
610 1 |a космическое железо 
610 1 |a теллурическое железо 
610 1 |a метеориты 
610 1 |a космическая пыль 
610 1 |a химический анализ 
675 |a 550.42:546.7  |v 4 
700 1 |a Марков  |b Г. П.  |g Геннадий Петрович 
701 1 |a Печерский  |b Д. М.  |g Диамар Михайлович 
712 0 2 |a Российская академия наук  |b Институт физики Земли им. О. Ю. Шмидта  |c (Москва)  |c (1991-1993, 2004- )  |2 stltpush  |3 (RuTPU)RU\TPU\col\7242  |9 24303 
801 1 |a RU  |b 63413507  |c 20210422 
801 2 |a RU  |b 63413507  |c 20220112  |g RCR 
942 |c BK